| 000 | 00478nam a2200133 a 4500 | ||
|---|---|---|---|
| 008 | 120416s1977 ||||||||||||||||| || u | ||
| 050 | _aHG 4026 Sco | ||
| 100 | _aScott, David F | ||
| 245 | 1 | 0 | _aCases in finance |
| 260 |
_aEnglewood Cliffs, [N.J.] _bFT Prentice-Hall _c1977 |
||
| 300 | _axiv, 219p. : ill. | ||
| 350 | _a0.00 | ||
| 995 |
_D0.00 _FCBU-MAIN LIBRARY (Kitwe) _H1 _I0.00 _UAVAILABLE _ZAnnex Low-Usage Collection |
||
| 999 |
_c36815 _d36815 |
||